Представление документа в формате MARC21

Поле Инд. ПП Название Значение
Тип записи a
Библиографический уровень b
001 Контрольный номер RU/IS/BASE/257447854
005 Дата корректировки 20200522191213.7
008 Кодируемые данные 20080227
040 b Код языка каталог. rus
e Правила каталог. PSBO
041 0_ a Код языка текста rus
084 a Индекс другой классификации/Индекс ББК 83.3(2=411.2)5
100 1_ a Автор Кудряшова А. А.
245 10 a Заглавие Формирование лермонтовского мифа в свете романтической концепции творчества
504 a Библиография Библиогр. - Примеч.: с. 73 - 74
600 14 a Персоналии Лермонтов Михаил Юрьевич
650 04 a Основная рубрика история литературы
a Основная рубрика литературоведение
a Основная рубрика филологические науки
653 0_ a Ключевые слова XIX век
a Ключевые слова литературные образы
a Ключевые слова поэзия
a Ключевые слова поэты
a Ключевые слова романтизм
a Ключевые слова Россия
a Ключевые слова русская литература
a Ключевые слова творчество
773 0_ t Заглавие источника Вестник Московского университета. Серия 9, Филология
d Дата издания источника 2007
g Прочая информация № 3. - С. 64 - 74
w Контрольный № источника RU/IS/BASE/238074426
901 t Тип документа b